Theories of translation : (رقم التسجيلة. 39713)

تفاصيل مارك
000 -الفاتح
حقل البيانات ثابتة الطول 00848pam a2200241 a 4500
003 - محدد رقم الضبط
رقم الضبط OSt
005 - وقت وتاريخ اخر تعامل مع التسجيلة
رقم الضبط 20160827155654.0
008 - عناصر البيانات ثابتة الطول - معلومات عامة
حقل البيانات ثابتة الطول 910605s1992 ilu b 000 0 eng
020 ## - الرقم الدولى المعيارى للكتب
الرقم الدولى المعيارى للكتاب 0226048705 (alk. paper)
020 ## - الرقم الدولى المعيارى للكتب
الرقم الدولى المعيارى للكتاب 9780226048710
040 ## - مصدر الفهرسة
وكالة الفهرسة الأصلية DLC
وكالة النسخ DLC
وكالة التعديل DLC
لغة الفهرسة ara
082 00 - رقم تصنيف ديوى العشرى
رقم التصنيف 418.0209
رقم الطبعة 20
رقم المادة THT
245 00 - بيان العنوان
العنوان Theories of translation :
بقية العنوان an anthology of essays from Dryden to Derrida /
بيان المسئوليه,etc edited by Rainer Schulte and John Biguenet.
250 ## - بيان الطبعة
بيان الطبعة ط. 1.
260 ## - PUBLICATION, DISTRIBUTION, ETC. (IMPRINT)
مكان الناشر او الموزع Chicago :
اسم الناشر او الموزع University of Chicago Press,
تاريخ النشر أو التوزيع 1992.
300 ## - الوصف المادى
التعداد vi, 254 p. ;
أبعاد الوعاء 23 cm.
500 ## - تبصرة عامة
تبصرة عامة Companion vol. to: The craft of translation.
504 ## - تبصرة ببليوجرافية
تبصرة ببليوجرافية,الخ Includes bibliographical references (p. 245-254).
650 #0 - المدخل الاضافى بالموضوع-مصطلح موضوعى
مصطلح موضوعي أو اسم جغرافي كعنصر مدخل Translating and interpreting
التقسيم الفرعي العام History.
9 (RLIN) 56344
700 1# - المدخل الاضافى - اسم شخصى
الإسم الشخصى Schulte, Rainer,
التواريخ المصاحبة للاسم 1937-
9 (RLIN) 56345
700 1# - المدخل الاضافى - اسم شخصى
الإسم الشخصى Biguenet, John.
9 (RLIN) 56346
942 ## - عناصر المدخل الإضافي( كوها)
Koha [default] item type كتاب
المقتنيات
حالة الفقد نموذج السعر الفعال حالة تلف ليس للاعارة رقم الطلب تاريخ الاكتساب الموقع الحالي الباركود الفرع الرئيسي Date last seen نوع المادة فى نظام كوها مصدر التصنيف او خطة الترفيف Total Checkouts Date last checked out
  2016-08-27     418.0209 THT 2016-08-27 المكتبة المركزية بالمجمعة (CL) 00654745 المكتبة المركزية بالمجمعة (CL) 2016-08-27 كتاب Dewey Decimal Classification    
  2016-08-27     418.0209 THT 2016-08-27 المكتبة المركزية بالمجمعة (CL) 00654746 المكتبة المركزية بالمجمعة (CL) 2016-08-27 كتاب Dewey Decimal Classification    
  2018-02-19     418.0209 THT 2018-02-19 مكتبة كلية التمريض - طلاب (CNM) 00654918 مكتبة كلية التمريض - طلاب (CNM) 2019-01-10 كتاب Dewey Decimal Classification 1 2018-09-27
  2018-02-19     418.0209 THT 2018-02-19 مكتبة كلية التمريض - طلاب (CNM) 00654919 مكتبة كلية التمريض - طلاب (CNM) 2018-02-19 كتاب Dewey Decimal Classification    
  2016-08-27     418.0209 THT 2016-08-27 مكتبة كلية العلوم و الدراسات الإنسانية برماح - طلاب (SRM) 00654744 مكتبة كلية العلوم و الدراسات الإنسانية برماح - طلاب (SRM) 2016-08-27 كتاب Dewey Decimal Classification